Uplatnenie kritéria nezávislosti podľa etického kódexu IFAC v podmienkach Slovenskej republiky

Etický kódex IFAC a jeho význam pri tvorbe etických kódexov dvoch významných inštitúcií - Slovenskej komory audítorov a Slovenskej komory certifikovaných účtovníkov. Úprava minimálnych štandardov IFAC pre podminky Slovenskej republiky. Preskúmanie aplikácie Etického kódexu IFAC v podmienkach Slovens...

Descrizione completa

Salvato in:
Dettagli Bibliografici
Autore principale: Varinská, Katarína
Natura: Capitolo di libro
Lingua:slovacco
Soggetti:
Tags: Aggiungi Tag
Nessun Tag, puoi essere il primo ad aggiungerne!!

MARC

LEADER 00000nla a2200000 4500
001 0180652
005 20240502073102.3
041 0 |a slo 
044 |a SK 
245 1 0 |a Uplatnenie kritéria nezávislosti podľa etického kódexu IFAC v podmienkach Slovenskej republiky  |c Katarína Varinská 
520 |a Etický kódex IFAC a jeho význam pri tvorbe etických kódexov dvoch významných inštitúcií - Slovenskej komory audítorov a Slovenskej komory certifikovaných účtovníkov. Úprava minimálnych štandardov IFAC pre podminky Slovenskej republiky. Preskúmanie aplikácie Etického kódexu IFAC v podmienkach Slovenskej republiky z hľadiska nezávislosti. 
610 2 0 |a nezávislosť 
610 2 0 |a kódexy 
610 2 0 |a účtovníctvo 
610 2 0 |a audítorstvo 
610 2 0 |a Slovensko 
100 1 |a Varinská, Katarína